Особенности разработки инновационной продукции в рамках инвестиционного проекта на примере геохода; Социально-экономические преобразования в России; Вып. 7

Detalles Bibliográficos
Parent link:Социально-экономические преобразования в России: сборник научных трудов посвященный 40-летию экономического факультета КемГУ, Кемерово, 2014/ под ред. В. А. Шабашев.— , 2014
Вып. 7.— 2014.— [С. 87-94]
Autor Principal: Костюкевич К. С. Константин Сергеевич
Autor Corporativo: Национальный исследовательский Томский политехнический университет (ТПУ) Юргинский технологический институт (филиал) (ЮТИ) Кафедра экономики и автоматизированных систем управления (ЭАСУ)
Outros autores: Трифонов В. А. Владимир Александрович
Summary:Заглавие с экрана
Дана сравнительная характеристика двух горнопроходческих комбайнов: SL-300 (Германия) и геохода (Россия). Приведено технико-экономическое обоснование применения геохода, замена им аналогов горнопроходческого оборудования и анализ конкурентоспособности геохода с аналогами.
A comparison of two mining combines SL-300 Germany andgeohod of Russia is given. Feasibility study on application of geohoda and replace them with unique mechanical equipment and competitive analysis with analogues of geohod are resulted.
Режим доступа: по договору с организацией-держателем ресурса
Idioma:ruso
Publicado: 2014
Series:Предпринимательство, инновации, эффективность работы предприятий
Subjects:
Acceso en liña:https://elibrary.ru/item.asp?id=23739899
Formato: MixedMaterials Electrónico Capítulo de libro
KOHA link:https://koha.lib.tpu.ru/cgi-bin/koha/opac-detail.pl?biblionumber=656370

MARC

LEADER 00000naa0a2200000 4500
001 656370
005 20260423105513.0
035 |a (RuTPU)RU\TPU\network\22811 
035 |a RU\TPU\network\12692 
090 |a 656370 
100 |a 20171109d2014 m||y0rusy50 ca 
101 0 |a rus 
102 |a RU 
135 |a drcn ---uucaa 
181 0 |a i  
182 0 |a b 
200 1 |a Особенности разработки инновационной продукции в рамках инвестиционного проекта на примере геохода  |d Features of product innovation in the framework of the investment project with the example geohod  |f К. С. Костюкевич, В. А. Трифонов 
203 |a Текст  |c электронный 
225 1 |a Предпринимательство, инновации, эффективность работы предприятий 
300 |a Заглавие с экрана 
320 |a [Библиогр.: с. 94 (3 назв.)] 
330 |a Дана сравнительная характеристика двух горнопроходческих комбайнов: SL-300 (Германия) и геохода (Россия). Приведено технико-экономическое обоснование применения геохода, замена им аналогов горнопроходческого оборудования и анализ конкурентоспособности геохода с аналогами. 
330 |a A comparison of two mining combines SL-300 Germany andgeohod of Russia is given. Feasibility study on application of geohoda and replace them with unique mechanical equipment and competitive analysis with analogues of geohod are resulted. 
333 |a Режим доступа: по договору с организацией-держателем ресурса 
461 1 |t Социально-экономические преобразования в России  |o сборник научных трудов посвященный 40-летию экономического факультета КемГУ, Кемерово, 2014  |f под ред. В. А. Шабашев  |d 2014 
463 1 |t Вып. 7  |v [С. 87-94]  |d 2014 
510 1 |a Features of product innovation in the framework of the investment project with the example geohod  |z eng 
610 1 |a электронный ресурс 
610 1 |a труды учёных ТПУ 
610 1 |a инновационная продукция 
610 1 |a комбайны 
610 1 |a геоходы 
610 1 |a Россия 
610 1 |a конкурентоспособность 
610 1 |a инвестиции 
610 1 |a geohod 
610 1 |a competitiveness 
700 1 |a Костюкевич  |b К. С.  |g Константин Сергеевич 
701 1 |a Трифонов  |b В. А.  |c экономист  |c доцент Юргинского технологического института Томского политехнического университета, кандидат экономических наук  |f 1964-  |g Владимир Александрович  |3 (RuTPU)RU\TPU\pers\31908  |9 15978 
712 0 2 |a Национальный исследовательский Томский политехнический университет (ТПУ)  |b Юргинский технологический институт (филиал) (ЮТИ)  |b Кафедра экономики и автоматизированных систем управления (ЭАСУ)  |3 (RuTPU)RU\TPU\col\18900 
801 2 |a RU  |b 63413507  |c 20171109  |g RCR 
856 4 |u https://elibrary.ru/item.asp?id=23739899 
942 |c CF